| 000 | 01108cam a2200229 4500 | ||
|---|---|---|---|
| 001 | L135968 | ||
| 008 | 061220n2006 000 0 eng u | ||
| 035 | _a(Sirsi) u135968 | ||
| 041 | 0 | _aeng | |
| 110 | 1 |
_aUnited Kingdom _bParliament _bHouse of Commons _92119 |
|
| 245 | 0 | 0 | _aGreater London authority bill (HC) 2006-2007 |
| 260 |
_aLondon _bUK Parliament _c2006 |
||
| 520 | _aThe Bill covers: general functions of the authority; transport; the London Development Agency; health; the London Fire and Emergency Planning authority; housing; planning; environmental functions; culture, media and sport. | ||
| 590 | _aKA | ||
| 650 | 2 | 4 | _aGREATER LONDON AUTHORITY BILL (HC) 2006 |
| 651 | 4 |
_aEngland and Wales _y1543- |
|
| 651 | 4 | _aGREATER LONDON | |
| 690 | _aENVIRONMENTAL AND LAND CONSULTANCY-PLANNING AND DEVELOPMENT-STRATEGIC PLANNING | ||
| 710 | 1 |
_aUnited Kingdom _bDepartment for Communities and Local Government _94939 |
|
| 856 | 4 | 0 |
_uhttps://www.publications.parliament.uk/pa/pabills/200607/greater_london_authority.htm _zView the Bill free of charge at www.publications.parliament.uk... |
| 942 | _n0 | ||
| 999 |
_c106260 _d106260 |
||